000 00568cam a2200205ua 4500
001 11763
008 191104n ii |||gr||||Z||||||eng
020 _a9788131104231
040 _cMAIN
082 _a954.03
100 _aShiv Gajrani . ,
_eAuthor.
245 _aEncyclopaedic history of moderrn India :
_bimperial India(1858-1905) /
_cBy Shiv Gajrani .
250 _a1st ed /
_bvol.4.
260 _aNew Delhi:
_bCommonwealth,
_c2012.
300 _a352p.
653 _aSouth Asia India
653 _aIndian history
700 _aS.Ram,
_eAuthor.
942 _cBK
999 _c10561
_d10561